00709nam a2200241 a 4500001001300000003000900013005001700022008004100039020001000080082001800090100002200108245002800130260003800158300000900196500003500205505003400240650002500274700002200299902000800321942000700329952011800336999001300454nice12345678IN_TiNIC20260116011354.0050524s0000 dela grp 000 0 urd  ac10000a954.0223bBAQ aBaqai, Aziz Hasan aSultan Mahmood Ghaznavi aDelhibMaktaba Darul Furqanc0000 a191p aincludes index and biblioraphy2 ascn book club study project.3 aIndia-History Ghazni1 aBaqai, Aziz Hasan bSRS cBK 001040708StackRoom-aHMIbHMId2007-04-03g100.00l0o954.0223 BAQp03665r2007-04-03v100.00w2005-05-24yBK c942d942